000 00665nam a22002057a 4500
008 110901t xxu||||| |||| 00| 0 eng d
020 _a0079130836 9780079130839
050 _aBC135 .B435
100 _aMerrie Bergmann
245 _aSolutions to selected exercises in The logic book
_cMerrie Bergmann, James Moor, Jack Nelson
250 _a3rd
260 _aNew York
_bMcGraw-Hill
_c©1998.
300 _aiii,251p.
_bill
_c24cm
505 _aContents: Solutions to chapters 1-11
650 _aLogic, Symbolic and mathematical
_xProblems, exercises,
655 _aProblems, exercises
700 _a Moor, James
700 _aNelson, Jack
942 _2lcc
_cBK
999 _c52
_d7552